000 01760cam a22004694i 4500
003 PE-LiUPU
005 20250731172947.0
008 150623s1997 miua rb 000 0 eng d
020 _a0801020956
035 _a(Sirsi) i9780801020957
040 _aPE-LiUPU
_bspa
_cPE-LiUPU
_erda
049 _aPRUA
082 0 4 _a227.870 66
_bT82
_221
100 1 _aTrotter, Andrew H.,
_eautor.
245 1 0 _aInterpreting the epistle to the Hebrews /
_cAndrew H. Trotter.
264 1 _aMichigan :
_bBaker Books,
_c1997.
300 _a222 páginas :
_bilustraciones ;
_c22 centímetros.
336 _atext
_2rdacontent
337 _aunmediated
_2rdamedia
338 _avolume
_2rdacarrier
490 0 _aGuides to New Testament Exegesis ;
_v6
504 _aIncluye bibliografía.
505 0 _aThe background of Hebrews: historical and cultural context -- Authorship -- Genre -- Structure -- Greek text -- The exegesis of Hebrews: vocabulary -- Grammar -- Style -- Theology.
526 _aSEG42
526 _aSEG41
526 _aSEG40
526 _aSEG39
526 _aP94
526 _aP87
526 _aP86
526 _aP85
526 _aP77
526 _aP76
526 _aP35
630 _aBiblia.
_pN.T.
_pHebreos
_xCrítica, interpretación, etc.
942 _2ddc
_cBOOK
949 _a227.870 66 T82
_wDEWEY
_c1
_i44790
_d2016-6-3
_e2016-6-1
_lCCODEBUL1
_mBUL
_n1
_r0
_sY
_tBOOK
_u2015-6-24
_xTEOLOGIA
_PP35
_0COMPRA
_o.STAFF. Colección General
994 _aC0
_bPEPRU
596 _a1
999 _a227.870 66 T82
_wDEWEY
_c21659
_i44790
_d21659
_e2016-6-1
_f2021-11-11
_g5
_lCCODEBUL1
_mBUL
_n1
_p12.00
_q2
_r0
_sY
_tBOOK
_u2015-6-24
_xTEOLOGIA
_PP35
_0COMPRA
_o.STAFF. Colección Teología
980 _81
_gALBERTO SANCHEZ Responsable de Automatización